Indian film / (Record no. 478)
[ view plain ]
| 000 -LEADER | |
|---|---|
| fixed length control field | 00379cam a2200157ua 4500 |
| 041 ## - LANGUAGE CODE | |
| Language code of text/sound track or separate title | eng |
| 082 ## - DEWEY DECIMAL CLASSIFICATION NUMBER | |
| Classification number | 778.53 |
| Item number | BAR/IN |
| 100 ## - MAIN ENTRY--AUTHOR NAME | |
| Personal name | Barnow, Erick . |
| 245 ## - TITLE STATEMENT | |
| Title | Indian film / |
| 260 ## - PUBLICATION, DISTRIBUTION, ETC. (IMPRINT) | |
| Place of publication | Bombay : |
| Name of publisher | Orient-Longman Ltd , |
| Year of publication | 1963. |
| 300 ## - PHYSICAL DESCRIPTION | |
| Number of Pages | 301 ; . |
| 700 1# - ADDED ENTRY--PERSONAL NAME | |
| Personal name | Krishnaswami, S . |
| 942 ## - ADDED ENTRY ELEMENTS (KOHA) | |
| Koha item type | Books |
| Withdrawn status | Lost status | Damaged status | Home library | Current library | Date acquired | Full call number | Accession Number | Koha item type |
|---|---|---|---|---|---|---|---|---|
| Withdrawn | KAUAET | Malayalam University | 07/04/2012 | 778.53 | 10386 | Books |
